| 000 | 00791nam a2200205 a 4500 | ||
|---|---|---|---|
| 003 | 0 | ||
| 005 | 20250430095101.0 | ||
| 008 | 050808s19uu xx 00 eng d | ||
| 050 |
_aPHS HG 179 _b.S26 2005 |
||
| 100 | _aSantisteban, Ma. Donna Mae A. | ||
| 245 |
_aFinancial profiles of Filipino contract workers in Japan / _cMa. Donna Mae A. Santisteban. |
||
| 260 |
_aLas PiƱas City, Philippines : _bSouthville International School and Colleges, _c2005. |
||
| 300 |
_a31 pages : _billustrations ; _c28 cm. |
||
| 504 | _aIncludes bibliographical references. | ||
| 650 |
_2Library of Congress Subject Headings _aFilipino contract workers _zJapan. |
||
| 650 |
_aFilipino diaspora _xEconomic conditions. |
||
| 650 |
_aLabor migration _xEconomic aspects. |
||
| 942 |
_2lcc _cPASS |
||
| 999 |
_c97297 _d97297 |
||